LEADER 01219nam a2200277 u 4500 001 000000116667 003 CaOOAMICUS 005 20090717102447.0 008 090717s2008 it u000 u ita r 020 $z978-88-7402-415-5* 040 $aPUL$bita$dLDB 245 00$aPaul Ricoeur in dialogo :$betica, giustizia, convinzione /$ca cura di Daniella Iannotta. 260 $aCantalupa (To) :$bEffatà,$cc2008. 300 $a254 p. ;$c21 cm 490 1 $aFilosofia e il suo altro 504 $aBibliografia in nota. 600 14$aRicoeur, Paul,$d1913-2005$xEtica.$0(OLS)http://pul/subject/35616 700 1 $aIannotta, Daniella.$0(OLS)http://pul/name/13565 700 1 $aRicoeur, Paul,$d1913-2005.$0(OLS)http://pul/name/31003 830 0$aFilosofia e il suo altro.$0(OLS)http://pul/title/141682 850 $aPUL 852 $aPUL$W1$xSL Filosofia 3$y81$m170. 92 IANDA 1$j133772$qDDC 21$B132804$CPULBib$Z2$F132804 $H111089 $82 941 1 $a9 996 $6020$z978-88-7402-415-5*$9(OLS)http://pul/number/141461 996 $6245$aPaul Ricoeur in dialogo :$betica, giustizia, convinzione$9(OLS)http://pul/title/146650 996 $6260$aCantalupa (To) :$bEffatà$9(OLS)http://pul/publisher/68547 LEADER 01300nam a2200289 a 4500 001 000000124381 003 CaOOAMICUS 005 20110217145212.0 008 110217s1996 it foa u000 u ita r 020 $a88-311-1613-4 040 $aPUL$bita 082 04$a268.4 100 1 $aCavalletti, Sofia.$0(OLS)http://pul/name/16970 245 13$aIl potenziale religioso tra i 6 e i 12 anni :$bdescrizione di un'esperienza /$cSofia Cavalletti ; presentazione di Mauro Laeng. 260 $aRoma :$bCittà Nuova,$c©1996. 300 $a192 p. :$bill., [18] c. di tav., fotogr. ;$c22 cm 650 4$aFanciulli$xEducazione religiosa.$0(OLS)http://pul/subject/29127 650 4$aPedagogia pastorale.$0(OLS)http://pul/subject/22967 700 1 $aLaeng, Mauro,$d1926-$0(OLS)http://pul/name/2219 850 $aPUL 852 $aPUL$W1$xSL Religione 3$y85$m268. 4 CAVSO 1$j143179$qDDC 21$B142213$CPULBib$Z2$F142213 $H115522 $82 941 1 $a9 996 $6020$a88-311-1613-4$9(OLS)http://pul/number/146395 996 $6082$a268.4$9(OLS)http://pul/classification/1854 996 $6245$aIl potenziale religioso tra i 6 e i 12 anni :$bdescrizione di un'esperienza$9(OLS)http://pul/title/156791 996 $6260$aRoma :$bCittà Nuova$9(OLS)http://pul/publisher/47927